000 00674nam a22002177a 4500
999 _c12096
_d12096
003 AR-CdUCM
008 190405b ||||| |||| 00| 0 spa d
040 _aMUNICIPALIDAD PROVINCIAL DEL CUSCO
_cBIBLIOTECA MUNICIPAL DEL CUSCO
082 _aEP / 372 /
_bC23
100 _aCalixto Pompa, Elias
_929782
245 _aCousteau el Buzo /
260 _aMexico :
_bFernandez Editores,
_c1983.
300 _a32 paginas ;
_bilustraciones, graficos, dibujos,
_c21 cm.
500 _aHistoria
650 _aCuento Educativo
_929783
650 _aTexto educativo
_925832
650 _aHistoria
_9136
650 _aInfantil
_96210
942 _2ddc
_cLIBROS
945 _apjha
_d2019-04-05